000 01323cad a22002295a 4500
001 L149972
008 100520e20100519xxk 000 0 eng d
035 _a(Sirsi) u149972
041 0 _aeng
110 2 _aUnited Kingdom
_bDepartment for Communities and Local Government
_94939
245 0 0 _aHIPs are history
_bPickles suspends Home Information Packs with immediate effect
260 _c2010
490 _aUnited Kingdom Department for Communities and Local Government News Release
_v19 May 2010
520 _aHome information packs (HIPs) are suspended with effect from 21 May 2010 pending primary legislation for permanent abolition. Requirements for valid domestic energy certificate are laid down in Energy Performance of Buildings (Certificates and Inspections) (England and Wales) (Amendment) Regulations 2010 currently before Parliament.
590 _aKA NTK
650 2 4 _aHOUSING ACT 2004
650 2 4 _aENERGY PERFORMANCE OF BUILDINGS (CERTIFICATES AND INSPECTIONS) (ENGLAND AND WALES) (AMENDMENT) REGULATIONS 2010
651 4 _aEngland and Wales
_y1543-
690 _aPROPERTY-RESIDENTIAL PROPERTY-ACQUISITION AND DISPOSAL OF RESIDENTIAL PROPERTY-HOME BUYING REFORM
856 4 8 _uhttps://www.communities.gov.uk/news/newsroom/1591783
_zView this item free of charge at www.communities.gov.uk
942 _n0
999 _c82353
_d82353